Finish These Baseball Terms - Statistics

General Stats
  • This quiz has been taken 332 times
  • The average score is 19 of 40
Answer Stats
Hint Answer % Correct
Stolen____ Base
99%
Home____ Run
99%
Grand____ Slam
99%
Bases______ Loaded
88%
Minor_____ League
86%
Knuckle_____ Ball
82%
Gold_____ Glove
79%
Silver_______ Slugger
74%
On____ Deck
73%
Strike_____ Three
70%
Center_____ Field
67%
Triple____ Play
61%
World____ Series
61%
World Baseball _______ Classic
59%
Lead____ Off
59%
Slugging_________ Percentage
59%
Sunflower_____ Seeds
59%
Extra_______ Innings
54%
Ball____ Game
50%
Wind__ Up
49%
Full_____ Count
48%
Batter's___ Box
45%
Check_____ Swing
44%
Delayed_____ Steal
38%
Farm_____ Team
36%
Home Run_____ Derby
35%
Bull___ Pen
35%
Clutch_______ Hitter
32%
Good___ Eye
31%
There it goes___ __ See ya
29%
Safety______ Squeeze
29%
Catcher's____ Mask
18%
Run_____ Down
17%
Batting______ Gloves
17%
Scoring_______ Position
13%
Upper___ Cut
11%
Play____ Offs
10%
Bat____ Flip
9%
Two Out______ Ralley
9%
Double______ Header
7%
No matching quizzes found
Score Distribution
Percent of People with Each Score
Percentile by Number Answered
Your Score History
You have not taken this quiz